000 00764nam a2200277Ia 4500
003 OSt
005 20220912151227.0
006 a|||||r|||| 00| 0
007 ta
008 220909b |||||||| |||| 00| 0 eng d
024 _a38050
037 _cTextual
040 _aCSL
_beng
_cCSL
041 _aeng
082 _aE9G, M4.1
100 _aJurnak Frances A Ed.
245 0 _aBiological macromolecules and assemblies
260 _aNew York
_b John Wiley
_c1984
300 _avii, 397p.
_ccm.
500 _aIncludes bibliography
650 _a Biochemistry
650 _aChemistry
700 _a Mcpherson Alexander Ed.
942 _hE9G, M4.1
_cTEXL
_2CC
999 _c64031
_d64031